|
|
|
|
| LEADER |
00000nam a2200000Ia 4500 |
| 008 |
160210b2005 m ||||| |||| 00| | spa d |
| 020 |
|
|
|a 9586826074
|
| 090 |
|
|
|a 06.01.01
|b 1487
|
| 100 |
1 |
|
|a Torre Zermeño, Francisco De la
|9 1476
|
| 245 |
1 |
3 |
|a 12 Lecciones de pedagogía, educación y didáctica /
|c Francisco de la Torre Zermeño
|
| 260 |
|
|
|a México, D.F. :
|b Alfaomega,
|c 2005
|
| 300 |
|
|
|a 263 páginas
|
| 650 |
1 |
4 |
|a CIENCIAS DE LA EDUCACIÓN
|9 330
|
| 650 |
1 |
4 |
|a EDUCACIÓN
|9 1
|
| 650 |
1 |
4 |
|a DIDÁCTICA
|9 997
|
| 650 |
1 |
4 |
|a ENSEÑANZA
|9 14
|
| 650 |
1 |
4 |
|a APRENDIZAJE
|9 387
|
| 650 |
1 |
4 |
|a LECTURA
|9 365
|
| 650 |
1 |
4 |
|a COMUNICACIÓN
|9 150
|
| 942 |
|
|
|i 003492
|h 06.01.01 1487
|2 z
|c 01
|
| 999 |
|
|
|c 373
|d 373
|